Catalog

Record Details

Catalog Search



Trends in Applied Intelligent Systems 23rd International Conference on Industrial Engineering and Other Applications of Applied Intelligent Systems, IEA/AIE 2010, Cordoba, Spain, June 1-4, 2010, Proceedings, Part I  Cover Image E-book E-book

Trends in Applied Intelligent Systems [electronic resource] : 23rd International Conference on Industrial Engineering and Other Applications of Applied Intelligent Systems, IEA/AIE 2010, Cordoba, Spain, June 1-4, 2010, Proceedings, Part I / edited by Nicolás García-Pedrajas, Francisco Herrera, Colin Fyfe, José Manuel Benítez, Moonis Ali.

Electronic resources


LDR 02350nam a22005535i 4500
00139146
003CONS
00520131219132419.0
007cr nn 008mamaa
008110121s2010 gw | s |||| 0|eng d
020 . ‡a9783642130229 ‡9978-3-642-13022-9
0247 . ‡a10.1007/978-3-642-13022-9 ‡2doi
035 . ‡a(DE-He213)978-3-642-13022-9
050 4. ‡aQ334-342
050 4. ‡aTJ210.2-211.495
072 7. ‡aUYQ ‡2bicssc
072 7. ‡aTJFM1 ‡2bicssc
072 7. ‡aCOM004000 ‡2bisacsh
1001 . ‡aGarcía-Pedrajas, Nicolás. ‡eeditor.
24510. ‡aTrends in Applied Intelligent Systems ‡h[electronic resource] : ‡b23rd International Conference on Industrial Engineering and Other Applications of Applied Intelligent Systems, IEA/AIE 2010, Cordoba, Spain, June 1-4, 2010, Proceedings, Part I / ‡cedited by Nicolás García-Pedrajas, Francisco Herrera, Colin Fyfe, José Manuel Benítez, Moonis Ali.
264 1. ‡aBerlin, Heidelberg : ‡bSpringer Berlin Heidelberg, ‡c2010.
300 . ‡aXXXV, 770p. 251 illus. ‡bonline resource.
336 . ‡atext ‡btxt ‡2rdacontent
337 . ‡acomputer ‡bc ‡2rdamedia
338 . ‡aonline resource ‡bcr ‡2rdacarrier
347 . ‡atext file ‡bPDF ‡2rda
4901 . ‡aLecture Notes in Computer Science, ‡x0302-9743 ; ‡v6096
650 0. ‡aComputer science.
650 0. ‡aComputer software.
650 0. ‡aDatabase management.
650 0. ‡aInformation storage and retrieval systems.
650 0. ‡aInformation systems.
650 0. ‡aArtificial intelligence.
65014. ‡aComputer Science.
65024. ‡aArtificial Intelligence (incl. Robotics).
65024. ‡aInformation Systems Applications (incl.Internet).
65024. ‡aComputation by Abstract Devices.
65024. ‡aInformation Storage and Retrieval.
65024. ‡aDatabase Management.
65024. ‡aAlgorithm Analysis and Problem Complexity.
7001 . ‡aHerrera, Francisco. ‡eeditor.
7001 . ‡aFyfe, Colin. ‡eeditor.
7001 . ‡aBenítez, José Manuel. ‡eeditor.
7001 . ‡aAli, Moonis. ‡eeditor.
7102 . ‡aSpringerLink (Online service)
7730 . ‡tSpringer eBooks
77608. ‡iPrinted edition: ‡z9783642130212
830 0. ‡aLecture Notes in Computer Science, ‡x0302-9743 ; ‡v6096
85640. ‡uhttp://biblioteca.ipicyt.edu.mx:2048/login?url=http://dx.doi.org/10.1007/978-3-642-13022-9 ‡yTexto completo ‡9CONS
950 . ‡aComputer Science (Springer-11645)
901 . ‡a39146 ‡b ‡c39146 ‡tbiblio ‡sSystem Local

Additional Resources